01075nam a22002057a 450000500170000000800410001704000250005804100080008304400070009110000330009824502540013126000980038530000440048350000710052752001530059865000390075165000300079065000270082065000220084720180803165515.0120125s2009 ck ad r 000 0 spa d aCO-BoIAVHcCO-BoIAVH0 aspa ack1 aRincón-Bermúdez, Sofía10aLineamientos guía para la evaluación de criterios de biodiversidad en los estudios ambientales requeridos para el licenciamiento ambiental :bbiodiversidad y estudios de impacto ambiental -elementos para evaluadores-cSofía Rincón Bermúdez aBogotábInstituto de Investigación de Recursos Biológicos Alexander von Humboldtc2009. a329 p.bil., diagramas y tablasc24 cm. aInforme tecnico contrato prestacion de servicios 09-09-020-014 ps aDesarrollar mancumunadamente con el MAVDT un conjunto de actividades de socializacion y capacitacion para la aplicación de los lineamientos EIA-BD14aEvaluación del impacto ambiental24aInvestigación ambiental24aDiversidad biológica24aImpacto ambiental